Asım Us'un hatıra notları; (Record no. 50498)

MARC details
000 -LEADER
fixed length control field 00726cam a22002291 4500
001 - CONTROL NUMBER
control field ne 68002351
003 - CONTROL NUMBER IDENTIFIER
control field DLC
005 - DATE AND TIME OF LATEST TRANSACTION
control field 20260227111843.0
008 - FIXED-LENGTH DATA ELEMENTS--GENERAL INFORMATION
fixed length control field 741204s1966 tu 000 0 tur
010 ## - LIBRARY OF CONGRESS CONTROL NUMBER
LC control number ne 68002351
035 ## - SYSTEM CONTROL NUMBER
System control number (OCoLC)28777357
040 ## - CATALOGING SOURCE
Original cataloging agency DLC
Transcribing agency ICU
Modifying agency DLC
042 ## - AUTHENTICATION CODE
Authentication code premarc
043 ## - GEOGRAPHIC AREA CODE
Geographic area code a-tu---
050 00 - LIBRARY OF CONGRESS CALL NUMBER
Classification number DR590
Item number .U8
100 1# - MAIN ENTRY--PERSONAL NAME
Personal name Us, Asım.
245 10 - TITLE STATEMENT
Title Asım Us'un hatıra notları;
Remainder of title 1930 dan 1950 yılına kadar, Atatürk ve İsmet İnönü devirlerine ait seçme fıkralar.
260 ## - PUBLICATION, DISTRIBUTION, ETC.
Place of publication, distribution, etc. İstanbul
Name of publisher, distributor, etc. [Vakit Matbaasında basılmiştır]
Date of publication, distribution, etc. 1966.
300 ## - PHYSICAL DESCRIPTION
Extent 767 p.
Dimensions 21 cm.
500 ## - GENERAL NOTE
General note Title on spine: 1930-1950 hatıra notları.
651 #0 - SUBJECT ADDED ENTRY--GEOGRAPHIC NAME
Geographic name Turkey
General subdivision History
Chronological subdivision 1918-1960
Form subdivision Anecdotes.

No items available.

Powered by Koha